000 00619nam a22001577a 4500
005 20231121062809.0
008 231121b |||||||| |||| 00| 0 eng d
041 _aEnglish
082 _a343.4 MEY
100 _aMeyerowitz, D and Spiro, E
_lEnglish
245 _aPermanent Volume om Income Tax in South Africa and South West Africa :
_bincluding replacements stating the legislation as at 31st July 1968 /
_cD Meyerowitz and E Spiro
260 _aCape Town :
_bThe Taxpayer (Pty) Ltd,
_c1962
300 _bii, 603 pages ;
_c26 cm.
650 _aLegal practice
_bLaw
942 _cBK
_6ALISON_BN_VRIES
999 _c815
_d815